River dam construction and resettlement of affecteted villages A case study of two villages in the upper Krishna valley (Record no. 599798)

MARC details
000 -LEADER
fixed length control field 00822nam a2200241Ia 4500
003 - CONTROL NUMBER IDENTIFIER
control field OSt
005 - DATE AND TIME OF LATEST TRANSACTION
control field 20220926000816.0
008 - FIXED-LENGTH DATA ELEMENTS--GENERAL INFORMATION
fixed length control field 220923b |||||||| |||| 00| 0 eng d
037 ## - SOURCE OF ACQUISITION
Terms of availability General Book
040 ## - CATALOGING SOURCE
Original cataloging agency RTL
Transcribing agency RTL
Language of cataloging eng
041 ## - LANGUAGE CODE
Source of code eng
Language code of text/sound track or separate title eng
100 ## - MAIN ENTRY--PERSONAL NAME
Personal name Sawant Prakash R
9 (RLIN) 303029
245 #0 - TITLE STATEMENT
Title River dam construction and resettlement of affecteted villages A case study of two villages in the upper Krishna valley
Remainder of title Vyahali and Chandavadi (District Satara)
260 ## - PUBLICATION, DISTRIBUTION, ETC.
Place of publication, distribution, etc. New Delhi
Name of publisher, distributor, etc. Inter-India Publication India
Date of publication, distribution, etc. 1985
300 ## - PHYSICAL DESCRIPTION
Extent xix,191p.
Dimensions cm.
500 ## - GENERAL NOTE
General note Appendix: P 152-88
650 ## - SUBJECT ADDED ENTRY--TOPICAL TERM
Topical term or geographic name entry element Rural Geography
942 ## - ADDED ENTRY ELEMENTS (KOHA)
Classification part U44.235G.N8, M5
Koha item type General Books
Source of classification or shelving scheme Colon Classification (CC)
Holdings
Withdrawn status Lost status Damaged status Not for loan Home library Current library Date acquired Total Checkouts Full call number Barcode Date last seen Price effective from Koha item type
        Ratan Tata Library Ratan Tata Library 2022-09-26   U44.235G.N8 M5 RT0948874 2022-09-26 2022-09-26 General Books
Copyright @ Delhi University Library System